000 00668nam a2200193 i 4500
001 108367
003 ES-MaACL
005 20241129174501.0
007 t|
008 061121s1904 uy r ||||1| spa d
100 1 _aMontero Brown, Ramón.
_982509
245 1 0 _aExcelsior /
_cRamón Montero Brown.
260 _aMontevideo :
_b[s.n.],
_c1904 (
_fTalleres A. Barreiro y Ramos)
300 _a12 p. ;
_c17 cm.
586 _aEn port.: Poesía premiada con la medalla de oro en el certamen literario de La Plata (mayo de 1904)
852 _aES-MaACL
_jT-1058-F-2
_z.- Enc. en un vol. facticio conservando la cub. original
942 _2udc
999 _c108367
_d108367